000 00402cam a2200169 4500
001 D13566
008 090401t1922 xxu||||| |||| 00| 0 eng d
035 _a(Sirsi) u10402
041 _aeng
100 _aPark, J.
245 2 _aA textbook of theodolite surveying and levelling
260 _bCharles Griffin and Co
_c1922
350 _a0
520 _aShelf 133
942 _n0
948 _c04/03/1997
999 _c86739
_d86739